[Event "7th Arber Senior Cup"]
[Site "chess24.com"]
[Date "2019.07.31"]
[Round "5"]
[White "Kurze, Volker"]
[Black "Gerl, Hans, Dr."]
[Result "0-1"]
[Board "33"]
[WhiteElo "1658"]
[WhiteTeam "SC RT Altstadt Muenchen"]
[WhiteCountry "GER"]
[WhiteFideId "24694584"]
[WhiteEloChange "-3"]
[BlackElo "1955"]
[BlackTeam "SG Fuerth"]
[BlackCountry "GER"]
[BlackFideId "4659236"]
[BlackEloChange "3"]

1. e4 {[%clk 2:10:30]} c5 {[%clk 2:10:30]} 2. Nf3 {[%clk 2:10:30]} d6 {[%clk
2:10:30]} 3. d4 {[%clk 2:10:30]} cxd4 {[%clk 2:10:30]} 4. Nxd4 {[%clk 2:10:30]}
Nf6 {[%clk 2:10:30]} 5. Nc3 {[%clk 2:10:30]} a6 {[%clk 2:10:30]} 6. h3 {[%clk
2:10:30]} e6 {[%clk 2:10:30]} 7. g4 {[%clk 2:10:30]} h6 {[%clk 2:10:30]} 8. Bg2
{[%clk 2:10:30]} Be7 {[%clk 2:10:30]} 9. O-O {[%clk 2:10:30]} Qc7 {[%clk
2:10:30]} 10. Nde2 {[%clk 2:10:30]} Nc6 {[%clk 2:10:30]} 11. Ng3 {[%clk 2:10:30]}
Bd7 {[%clk 2:10:30]} 12. Be3 {[%clk 2:10:30]} b5 {[%clk 2:10:30]} 13. a3 {[%clk
2:10:30]} Rc8 {[%clk 2:10:30]} 14. Qe2 {[%clk 2:10:30]} Na5 {[%clk 2:10:30]} 15.
Bf4 {[%clk 2:10:30]} Nc4 {[%clk 2:10:30]} 16. Bc1 {[%clk 2:10:30]} O-O {[%clk
2:10:30]} 17. b3 {[%clk 2:10:30]} Nxa3 {[%clk 2:10:30]} 18. Bxa3 {[%clk 2:10:30]}
Qxc3 {[%clk 2:10:30]} 19. Ra2 {[%clk 2:10:30]} b4 {[%clk 2:10:30]} 20. Bc1 {[%clk
2:10:30]} Bb5 {[%clk 2:10:30]} 21. Qd1 {[%clk 2:10:30]} Bxf1 {[%clk 2:10:30]} 22.
Nxf1 {[%clk 2:10:30]} d5 {[%clk 2:10:30]} 23. exd5 {[%clk 2:10:30]} Nxd5 {[%clk
2:10:30]} 24. Qe2 {[%clk 2:10:30]} Bg5 {[%clk 2:10:30]} 25. Bxg5 {[%clk 2:10:30]}
hxg5 {[%clk 2:10:30]} 26. Bxd5 {[%clk 2:10:30]} exd5 {[%clk 2:10:30]} 27. Ng3
{[%clk 2:10:30]} Rfe8 {[%clk 2:10:30]} 28. Qxa6 {[%clk 2:10:30]} Re1+ {[%clk
2:10:30]} 29. Kg2 {[%clk 2:10:30]} d4 {[%clk 2:10:30]} 30. Ra5 {[%clk 2:10:30]}
Qc6+ {[%clk 2:10:30]} 31. Qxc6 {[%clk 2:10:30]} Rxc6 {[%clk 2:10:30]} 32. Rxg5
{[%clk 2:10:30]} Rxc2 {[%clk 2:10:30]} 33. Rd5 {[%clk 2:10:30]} Rc3 {[%clk
2:10:30]} 34. Rxd4 {[%clk 2:10:30]} Rxb3 {[%clk 2:10:30]} 35. Ne4 {[%clk
2:10:30]} Rb2 {[%clk 2:10:30]} 36. Ng3 {[%clk 2:10:30]} Re8 {[%clk 2:10:30]} 37.
Ne4 {[%clk 2:10:30]} b3 {[%clk 2:10:30]} 38. Rb4 {[%clk 2:10:30]} Rc8 {[%clk
2:10:30]} 39. h4 {[%clk 2:10:30]} g6 {[%clk 2:10:30]} 40. g5 {[%clk 2:10:30]} Kg7
{[%clk 2:10:30]} 41. Nd6 {[%clk 2:10:30]} Rcc2 {[%clk 2:10:30]} 42. Rf4 {[%clk
2:10:30]} Rxf2+ {[%clk 2:10:30]} 43. Rxf2 {[%clk 2:10:30]} Rxf2+ {[%clk 2:10:30]}
44. Kxf2 {[%clk 2:10:30]} b2 {[%clk 2:10:30]} 0-1

[Event "7th Arber Senior Cup"]
[Site "chess24.com"]
[Date "2019.07.31"]
[Round "5"]
[White "Gaedt, Mario"]
[Black "Riha, Peter"]
[Result "0-1"]
[Board "34"]
[WhiteElo "1502"]
[WhiteTeam "SV Bergen"]
[WhiteCountry "GER"]
[WhiteFideId "12970352"]
[WhiteEloChange "-4"]
[BlackElo "1720"]
[BlackTeam "Schleswiger SV"]
[BlackCountry "GER"]
[BlackFideId "24627399"]
[BlackEloChange "4"]

1. d4 {[%clk 2:10:30]} Nf6 {[%clk 2:10:30]} 2. Nf3 {[%clk 2:10:30]} b6 {[%clk
2:10:30]} 3. c4 {[%clk 2:10:30]} e6 {[%clk 2:10:30]} 4. Nc3 {[%clk 2:10:30]} Bb7
{[%clk 2:10:30]} 5. e3 {[%clk 2:10:30]} Bb4 {[%clk 2:10:30]} 6. a3 {[%clk
2:10:30]} Bxc3+ {[%clk 2:10:30]} 7. bxc3 {[%clk 2:10:30]} O-O {[%clk 2:10:30]} 8.
Bd3 {[%clk 2:10:30]} c5 {[%clk 2:10:30]} 9. O-O {[%clk 2:10:30]} Nc6 {[%clk
2:10:30]} 10. Re1 {[%clk 2:10:30]} d6 {[%clk 2:10:30]} 11. e4 {[%clk 2:10:30]} e5
{[%clk 2:10:30]} 12. d5 {[%clk 2:10:30]} Na5 {[%clk 2:10:30]} 13. h3 {[%clk
2:10:30]} h6 {[%clk 2:10:30]} 14. Nh2 {[%clk 2:10:30]} Ba6 {[%clk 2:10:30]} 15.
Qe2 {[%clk 2:10:30]} Qd7 {[%clk 2:10:30]} 16. a4 {[%clk 2:10:30]} Rae8 {[%clk
2:10:30]} 17. Kh1 {[%clk 2:10:30]} Re7 {[%clk 2:10:30]} 18. f4 {[%clk 2:10:30]}
Nb3 {[%clk 2:10:30]} 19. Ra2 {[%clk 2:10:30]} Nxc1 {[%clk 2:10:30]} 20. Rxc1
{[%clk 2:10:30]} exf4 {[%clk 2:10:30]} 21. Qf3 {[%clk 2:10:30]} g5 {[%clk
2:10:30]} 22. Re1 {[%clk 2:10:30]} Rfe8 {[%clk 2:10:30]} 23. a5 {[%clk 2:10:30]}
bxa5 {[%clk 2:10:30]} 24. Rxa5 {[%clk 2:10:30]} Bc8 {[%clk 2:10:30]} 25. Bc2
{[%clk 2:10:30]} Qd8 {[%clk 2:10:30]} 26. Raa1 {[%clk 2:10:30]} a5 {[%clk
2:10:30]} 27. Re2 {[%clk 2:10:30]} Kg7 {[%clk 2:10:30]} 28. Rg1 {[%clk 2:10:30]}
Nd7 {[%clk 2:10:30]} 29. Ng4 {[%clk 2:10:30]} Ne5 {[%clk 2:10:30]} 30. Nxe5
{[%clk 2:10:30]} Rxe5 {[%clk 2:10:30]} 31. g3 {[%clk 2:10:30]} fxg3 {[%clk
2:10:30]} 32. Rxg3 {[%clk 2:10:30]} f5 {[%clk 2:10:30]} 33. Rf2 {[%clk 2:10:30]}
f4 {[%clk 2:10:30]} 34. Rg1 {[%clk 2:10:30]} Bd7 {[%clk 2:10:30]} 35. Qxf4 {[%clk
2:10:30]} Rf8 {[%clk 2:10:30]} 36. Qe3 {[%clk 2:10:30]} Rxf2 {[%clk 2:10:30]} 37.
Qxf2 {[%clk 2:10:30]} Bxh3 {[%clk 2:10:30]} 38. Kh2 {[%clk 2:10:30]} Bd7 {[%clk
2:10:30]} 39. Rf1 {[%clk 2:10:30]} Qe7 {[%clk 2:10:30]} 40. Ra1 {[%clk 2:10:30]}
a4 {[%clk 2:10:30]} 41. Rf1 {[%clk 2:10:30]} g4 {[%clk 2:10:30]} 42. Qf4 {[%clk
2:10:30]} h5 {[%clk 2:10:30]} 43. Kg2 {[%clk 2:10:30]} Be8 {[%clk 2:10:30]} 44.
Kg3 {[%clk 2:10:30]} Bg6 {[%clk 2:10:30]} 45. Re1 {[%clk 2:10:30]} a3 {[%clk
2:10:30]} 46. Bb1 {[%clk 2:10:30]} Qf6 {[%clk 2:10:30]} 47. Qe3 {[%clk 2:10:30]}
Re7 {[%clk 2:10:30]} 48. Re2 {[%clk 2:10:30]} Rf7 {[%clk 2:10:30]} 49. Qd2 {[%clk
2:10:30]} Qf3+ {[%clk 2:10:30]} 50. Kh2 {[%clk 2:10:30]} Qf4+ {[%clk 2:10:30]}
51. Qxf4 {[%clk 2:10:30]} Rxf4 {[%clk 2:10:30]} 52. Re3 {[%clk 2:10:30]} Rf2+
{[%clk 2:10:30]} 53. Kg3 {[%clk 2:10:30]} a2 {[%clk 2:10:30]} 54. Bxa2 {[%clk
2:10:30]} Rxa2 {[%clk 2:10:30]} 55. e5 {[%clk 2:10:30]} dxe5 {[%clk 2:10:30]} 56.
Rxe5 {[%clk 2:10:30]} Kf6 {[%clk 2:10:30]} 57. Re6+ {[%clk 2:10:30]} Kf5 {[%clk
2:10:30]} 58. Rc6 {[%clk 2:10:30]} Kg5 {[%clk 2:10:30]} 59. Rxc5 {[%clk 2:10:30]}
h4# {[%clk 2:10:30]} 0-1

[Event "7th Arber Senior Cup"]
[Site "chess24.com"]
[Date "2019.07.31"]
[Round "5"]
[White "Luebbers, Doris, Dr."]
[Black "Redeker, Frank, Dr."]
[Result "1/2-1/2"]
[Board "36"]
[WhiteElo "1514"]
[WhiteTeam "SF Taunus"]
[WhiteCountry "GER"]
[WhiteFideId "24630080"]
[WhiteEloChange "4"]
[BlackElo "1677"]
[BlackTeam "SF Brand"]
[BlackCountry "GER"]
[BlackFideId "12986011"]
[BlackEloChange "-4"]

1. d4 {[%clk 2:10:30]} Nf6 {[%clk 2:10:30]} 2. Nf3 {[%clk 2:10:30]} d6 {[%clk
2:10:30]} 3. e3 {[%clk 2:10:30]} g6 {[%clk 2:10:30]} 4. Be2 {[%clk 2:10:30]} Bg7
{[%clk 2:10:30]} 5. c4 {[%clk 2:10:30]} O-O {[%clk 2:10:30]} 6. O-O {[%clk
2:10:30]} Nc6 {[%clk 2:10:30]} 7. Nbd2 {[%clk 2:10:30]} e5 {[%clk 2:10:30]} 8.
dxe5 {[%clk 2:10:30]} Nxe5 {[%clk 2:10:30]} 9. Qc2 {[%clk 2:10:30]} Ned7 {[%clk
2:10:30]} 10. b3 {[%clk 2:10:30]} Ng4 {[%clk 2:10:30]} 11. Bb2 {[%clk 2:10:30]}
Bxb2 {[%clk 2:10:30]} 12. Qxb2 {[%clk 2:10:30]} Qf6 {[%clk 2:10:30]} 13. Qxf6
{[%clk 2:10:30]} Ngxf6 {[%clk 2:10:30]} 14. Rad1 {[%clk 2:10:30]} b6 {[%clk
2:10:30]} 15. Nd4 {[%clk 2:10:30]} Bb7 {[%clk 2:10:30]} 16. Bf3 {[%clk 2:10:30]}
Rab8 {[%clk 2:10:30]} 17. Bxb7 {[%clk 2:10:30]} Rxb7 {[%clk 2:10:30]} 18. N2f3
{[%clk 2:10:30]} 1/2-1/2

[Event "7th Arber Senior Cup"]
[Site "chess24.com"]
[Date "2019.07.31"]
[Round "5"]
[White "Barnowski, Roman"]
[Black "Krejci, Zdenek"]
[Result "1-0"]
[Board "37"]
[WhiteElo "1459"]
[WhiteTeam "SW Nuernberg Sued"]
[WhiteCountry "GER"]
[WhiteFideId "16255240"]
[WhiteEloChange "9"]
[BlackElo "1432"]
[BlackTeam "TSCHECHIEN"]
[BlackCountry "CZE"]
[BlackFideId "335495"]
[BlackEloChange "-9"]

1. Nf3 {[%clk 2:10:30]} d6 {[%clk 2:10:30]} 2. c4 {[%clk 2:10:30]} e5 {[%clk
2:10:30]} 3. Nc3 {[%clk 2:10:30]} Nf6 {[%clk 2:10:30]} 4. d4 {[%clk 2:10:30]} e4
{[%clk 2:10:30]} 5. Ng5 {[%clk 2:10:30]} Bf5 {[%clk 2:10:30]} 6. Qb3 {[%clk
2:10:30]} b6 {[%clk 2:10:30]} 7. c5 {[%clk 2:10:30]} Qd7 {[%clk 2:10:30]} 8. f3
{[%clk 2:10:30]} exf3 {[%clk 2:10:30]} 9. exf3 {[%clk 2:10:30]} Bg6 {[%clk
2:10:30]} 10. Be2 {[%clk 2:10:30]} h6 {[%clk 2:10:30]} 11. Nh3 {[%clk 2:10:30]}
dxc5 {[%clk 2:10:30]} 12. dxc5 {[%clk 2:10:30]} Bxc5 {[%clk 2:10:30]} 13. Nf4
{[%clk 2:10:30]} Bf5 {[%clk 2:10:30]} 14. Nfd5 {[%clk 2:10:30]} Qd6 {[%clk
2:10:30]} 15. Bf4 {[%clk 2:10:30]} Qc6 {[%clk 2:10:30]} 16. Bb5 {[%clk 2:10:30]}
O-O {[%clk 2:10:30]} 17. Bxc6 {[%clk 2:10:30]} Nxc6 {[%clk 2:10:30]} 18. Nxf6+
{[%clk 2:10:30]} gxf6 {[%clk 2:10:30]} 19. O-O-O {[%clk 2:10:30]} Nd4 {[%clk
2:10:30]} 20. Rxd4 {[%clk 2:10:30]} Bxd4 {[%clk 2:10:30]} 21. Qd5 {[%clk
2:10:30]} Be5 {[%clk 2:10:30]} 22. Bxe5 {[%clk 2:10:30]} fxe5 {[%clk 2:10:30]}
23. Qxe5 {[%clk 2:10:30]} Bg6 {[%clk 2:10:30]} 24. Ne4 {[%clk 2:10:30]} Bxe4
{[%clk 2:10:30]} 25. Qxe4 {[%clk 2:10:30]} Rfe8 {[%clk 2:10:30]} 26. Qf5 {[%clk
2:10:30]} Re6 {[%clk 2:10:30]} 27. Rd1 {[%clk 2:10:30]} Rae8 {[%clk 2:10:30]} 28.
a3 {[%clk 2:10:30]} a5 {[%clk 2:10:30]} 29. Rd7 {[%clk 2:10:30]} Re1+ {[%clk
2:10:30]} 30. Kc2 {[%clk 2:10:30]} R8e2+ {[%clk 2:10:30]} 31. Kb3 {[%clk
2:10:30]} Re7 {[%clk 2:10:30]} 32. Rd8+ {[%clk 2:10:30]} Kg7 {[%clk 2:10:30]} 33.
Qg4+ {[%clk 2:10:30]} Kf6 {[%clk 2:10:30]} 34. Rh8 {[%clk 2:10:30]} R7e5 {[%clk
2:10:30]} 35. Rxh6+ {[%clk 2:10:30]} Ke7 {[%clk 2:10:30]} 36. Rh7 {[%clk
2:10:30]} Ra1 {[%clk 2:10:30]} 37. Qc4 {[%clk 2:10:30]} Re3+ {[%clk 2:10:30]} 38.
Kc2 {[%clk 2:10:30]} Re6 {[%clk 2:10:30]} 39. Qxc7+ {[%clk 2:10:30]} Kf6 {[%clk
2:10:30]} 40. Qxf7+ {[%clk 2:10:30]} Ke5 {[%clk 2:10:30]} 41. f4+ {[%clk
2:10:30]} Kd6 {[%clk 2:10:30]} 42. Qd7+ {[%clk 2:10:30]} Kc5 {[%clk 2:10:30]} 43.
Qxe6 {[%clk 2:10:30]} Kb5 {[%clk 2:10:30]} 44. Rh5+ {[%clk 2:10:30]} 1-0

[Event "7th Arber Senior Cup"]
[Site "chess24.com"]
[Date "2019.07.31"]
[Round "5"]
[White "Braeu, Emmi"]
[Black "Warnecke, Jens"]
[Result "1-0"]
[Board "38"]
[WhiteElo "1477"]
[WhiteTeam "SK Marktoberdorf"]
[WhiteCountry "GER"]
[WhiteFideId "24646946"]
[WhiteEloChange "12"]
[BlackElo "1530"]
[BlackTeam "SC Weilerbach"]
[BlackCountry "GER"]
[BlackFideId "16273389"]
[BlackEloChange "-12"]

1. Nf3 {[%clk 2:10:30]} Nf6 {[%clk 2:10:30]} 2. c4 {[%clk 2:10:30]} d6 {[%clk
2:10:30]} 3. g3 {[%clk 2:10:30]} g6 {[%clk 2:10:30]} 4. Bg2 {[%clk 2:10:30]} Bg7
{[%clk 2:10:30]} 5. d4 {[%clk 2:10:30]} O-O {[%clk 2:10:30]} 6. Nc3 {[%clk
2:10:30]} c6 {[%clk 2:10:30]} 7. O-O {[%clk 2:10:30]} Bg4 {[%clk 2:10:30]} 8. h3
{[%clk 2:10:30]} Bxf3 {[%clk 2:10:30]} 9. Bxf3 {[%clk 2:10:30]} e5 {[%clk
2:10:30]} 10. dxe5 {[%clk 2:10:30]} dxe5 {[%clk 2:10:30]} 11. Qb3 {[%clk
2:10:30]} Qc7 {[%clk 2:10:30]} 12. Rd1 {[%clk 2:10:30]} Nbd7 {[%clk 2:10:30]} 13.
Be3 {[%clk 2:10:30]} Rfe8 {[%clk 2:10:30]} 14. Qc2 {[%clk 2:10:30]} a6 {[%clk
2:10:30]} 15. Rd2 {[%clk 2:10:30]} Rad8 {[%clk 2:10:30]} 16. Rad1 {[%clk
2:10:30]} b5 {[%clk 2:10:30]} 17. Rd6 {[%clk 2:10:30]} e4 {[%clk 2:10:30]} 18.
Nxe4 {[%clk 2:10:30]} Nxe4 {[%clk 2:10:30]} 19. Bxe4 {[%clk 2:10:30]} Nb8 {[%clk
2:10:30]} 20. Rxd8 {[%clk 2:10:30]} Rxd8 {[%clk 2:10:30]} 21. cxb5 {[%clk
2:10:30]} Rxd1+ {[%clk 2:10:30]} 22. Qxd1 {[%clk 2:10:30]} axb5 {[%clk 2:10:30]}
23. b3 {[%clk 2:10:30]} Nd7 {[%clk 2:10:30]} 24. f4 {[%clk 2:10:30]} Nf6 {[%clk
2:10:30]} 25. Bg2 {[%clk 2:10:30]} Nh5 {[%clk 2:10:30]} 26. Kf2 {[%clk 2:10:30]}
g5 {[%clk 2:10:30]} 27. Bf3 {[%clk 2:10:30]} Nf6 {[%clk 2:10:30]} 28. fxg5 {[%clk
2:10:30]} Ne8 {[%clk 2:10:30]} 29. Bf4 {[%clk 2:10:30]} Qa7+ {[%clk 2:10:30]} 30.
Be3 {[%clk 2:10:30]} Qc7 {[%clk 2:10:30]} 31. Qd2 {[%clk 2:10:30]} Be5 {[%clk
2:10:30]} 32. Bf4 {[%clk 2:10:30]} Qb6+ {[%clk 2:10:30]} 33. e3 {[%clk 2:10:30]}
Bg7 {[%clk 2:10:30]} 34. Qd7 {[%clk 2:10:30]} Kf8 {[%clk 2:10:30]} 35. Qxc6
{[%clk 2:10:30]} Qa5 {[%clk 2:10:30]} 36. Qc5+ {[%clk 2:10:30]} Kg8 {[%clk
2:10:30]} 37. Qc2 {[%clk 2:10:30]} f5 {[%clk 2:10:30]} 38. Bd5+ {[%clk 2:10:30]}
Kh8 {[%clk 2:10:30]} 39. Bc6 {[%clk 2:10:30]} Nc7 {[%clk 2:10:30]} 40. Bd7 {[%clk
2:10:30]} Bc3 {[%clk 2:10:30]} 41. Qe2 {[%clk 2:10:30]} b4 {[%clk 2:10:30]} 42.
Bxc7 {[%clk 2:10:30]} Qxc7 {[%clk 2:10:30]} 43. Bxf5 {[%clk 2:10:30]} Be5 {[%clk
2:10:30]} 44. Qg4 {[%clk 2:10:30]} Qc1 {[%clk 2:10:30]} 45. Qe2 {[%clk 2:10:30]}
Qh1 {[%clk 2:10:30]} 46. Qf3 {[%clk 2:10:30]} Qc1 {[%clk 2:10:30]} 47. g6 {[%clk
2:10:30]} Qd2+ {[%clk 2:10:30]} 48. Qe2 {[%clk 2:10:30]} Bxg3+ {[%clk 2:10:30]}
49. Kf3 {[%clk 2:10:30]} Qd6 {[%clk 2:10:30]} 50. Qd3 {[%clk 2:10:30]} hxg6
{[%clk 2:10:30]} 51. Qxd6 {[%clk 2:10:30]} Bxd6 {[%clk 2:10:30]} 52. Bxg6 {[%clk
2:10:30]} Kg7 {[%clk 2:10:30]} 53. Bd3 {[%clk 2:10:30]} Kf6 {[%clk 2:10:30]} 54.
Kg4 {[%clk 2:10:30]} Be5 {[%clk 2:10:30]} 55. h4 {[%clk 2:10:30]} Kg7 {[%clk
2:10:30]} 56. Bc4 {[%clk 2:10:30]} Bd6 {[%clk 2:10:30]} 57. Be6 {[%clk 2:10:30]}
Be5 {[%clk 2:10:30]} 58. h5 {[%clk 2:10:30]} Kh6 {[%clk 2:10:30]} 59. Kf5 {[%clk
2:10:30]} Bd6 {[%clk 2:10:30]} 60. Bf7 {[%clk 2:10:30]} Kg7 {[%clk 2:10:30]} 61.
Ke6 {[%clk 2:10:30]} Bc5 {[%clk 2:10:30]} 62. Kd5 {[%clk 2:10:30]} Bf8 {[%clk
2:10:30]} 63. Bg6 {[%clk 2:10:30]} Kf6 {[%clk 2:10:30]} 64. e4 {[%clk 2:10:30]}
Ke7 {[%clk 2:10:30]} 65. Kc4 {[%clk 2:10:30]} Ke6 {[%clk 2:10:30]} 66. h6 {[%clk
2:10:30]} Ke5 {[%clk 2:10:30]} 67. h7 {[%clk 2:10:30]} Bg7 {[%clk 2:10:30]} 68.
Kxb4 {[%clk 2:10:30]} Kd6 {[%clk 2:10:30]} 69. Kb5 {[%clk 2:10:30]} 1-0

[Event "7th Arber Senior Cup"]
[Site "chess24.com"]
[Date "2019.08.01"]
[Round "6"]
[White "Koehler, Gerhard, Dr."]
[Black "Puehn, Georg"]
[Result "1-0"]
[Board "3"]
[WhiteElo "2197"]
[WhiteCountry "GER"]
[WhiteFideId "12909700"]
[WhiteEloChange "5"]
[BlackElo "1990"]
[BlackCountry "GER"]
[BlackFideId "4692934"]
[BlackEloChange "-5"]

1. c4 {[%clk 2:10:57]} e6 {[%clk 2:10:38]} 2. Nf3 {[%clk 2:10:42]} d5 {[%clk
2:10:49]} 3. g3 {[%clk 2:10:47]} dxc4 {[%clk 2:06:48]} 4. Qa4+ {[%clk 2:06:57]}
Bd7 {[%clk 2:06:08]} 5. Qxc4 {[%clk 2:07:15]} c5 {[%clk 1:59:44]} 6. Ne5 {[%clk
2:04:35]} Nf6 {[%clk 1:50:05]} 7. Bg2 {[%clk 2:02:47]} Qc8 {[%clk 1:49:27]} 8.
O-O {[%clk 1:52:22]} Bd6 {[%clk 1:45:20]} 9. Nxd7 {[%clk 1:52:30]} Nbxd7 {[%clk
1:44:38]} 10. Nc3 {[%clk 1:48:32]} a6 {[%clk 1:41:36]} 11. d3 {[%clk 1:44:33]}
Rb8 {[%clk 1:37:56]} 12. Bd2 {[%clk 1:37:21]} O-O {[%clk 1:33:49]} 13. Rac1
{[%clk 1:34:06]} Ne5 {[%clk 1:25:24]} 14. Qa4 {[%clk 1:33:00]} b5 {[%clk
1:19:03]} 15. Qc2 {[%clk 1:30:31]} Qd7 {[%clk 1:16:25]} 16. Bg5 {[%clk 1:27:49]}
Rfc8 {[%clk 1:07:41]} 17. b3 {[%clk 1:15:37]} c4 {[%clk 0:59:34]} 18. bxc4 {[%clk
1:03:40]} bxc4 {[%clk 0:59:17]} 19. d4 {[%clk 1:03:36]} Nc6 {[%clk 0:57:06]} 20.
Bxf6 {[%clk 0:52:16]} gxf6 {[%clk 0:57:21]} 21. Ne4 {[%clk 0:52:33]} Be7 {[%clk
0:57:48]} 22. Qa4 {[%clk 0:43:07]} f5 {[%clk 0:38:52]} 23. Nc3 {[%clk 0:37:53]}
Rc7 {[%clk 0:27:26]} 24. d5 {[%clk 0:26:15]} Nb4 {[%clk 0:20:20]} 25. Qd1 {[%clk
0:24:35]} Rd8 {[%clk 0:16:14]} 26. e4 {[%clk 0:17:21]} Nd3 {[%clk 0:08:27]} 27.
Rc2 {[%clk 0:17:28]} Bf6 {[%clk 0:07:56]} 28. dxe6 {[%clk 0:15:34]} fxe6 {[%clk
0:07:16]} 29. exf5 {[%clk 0:15:01]} Nb4 {[%clk 0:06:18]} 30. Qxd7 {[%clk
0:12:49]} Rdxd7 {[%clk 0:05:58]} 31. Ne4 {[%clk 0:12:50]} Bd4 {[%clk 0:04:40]}
32. fxe6 {[%clk 0:11:23]} Re7 {[%clk 0:04:24]} 33. Rd2 {[%clk 0:06:07]} Ba7
{[%clk 0:02:58]} 34. Nc3 {[%clk 0:05:31]} Rxe6 {[%clk 0:01:12]} 35. a3 {[%clk
0:04:29]} Nd3 {[%clk 0:01:05]} 36. Bd5 {[%clk 0:04:45]} Kf7 {[%clk 0:01:30]} 37.
Re2 {[%clk 0:04:55]} Rc6 {[%clk 0:01:18]} 38. Rxe6 {[%clk 0:04:40]} Rxe6 {[%clk
0:01:43]} 39. Bxc4 {[%clk 0:04:58]} Ne5 {[%clk 0:01:27]} 40. Bxe6+ {[%clk
0:04:55]} Kxe6 {[%clk 0:01:50]} 41. Kg2 {[%clk 0:05:10]} 1-0

[Event "7th Arber Senior Cup"]
[Site "chess24.com"]
[Date "2019.08.01"]
[Round "6"]
[White "Boldt, Heinrich"]
[Black "Augustin, Christian"]
[Result "1/2-1/2"]
[Board "15"]
[WhiteElo "1803"]
[WhiteCountry "GER"]
[WhiteFideId "4644220"]
[WhiteEloChange "4"]
[BlackElo "1971"]
[BlackCountry "GER"]
[BlackFideId "4659295"]
[BlackEloChange "-4"]

1. d4 {[%clk 2:10:30]} c5 {[%clk 2:10:30]} 2. d5 {[%clk 2:09:41]} d6 {[%clk
2:10:30]} 3. c4 {[%clk 2:09:07]} e5 {[%clk 2:10:50]} 4. e4 {[%clk 2:07:41]} Be7
{[%clk 2:10:59]} 5. Bd3 {[%clk 2:05:58]} Bg5 {[%clk 2:06:43]} 6. Nc3 {[%clk
2:02:28]} Bxc1 {[%clk 2:07:02]} 7. Qxc1 {[%clk 2:01:01]} Nh6 {[%clk 2:07:22]} 8.
h4 {[%clk 1:57:17]} O-O {[%clk 1:59:48]} 9. Qg5 {[%clk 1:52:16]} f6 {[%clk
1:59:24]} 10. Qd2 {[%clk 1:46:13]} a6 {[%clk 1:36:45]} 11. f3 {[%clk 1:42:06]} f5
{[%clk 1:22:05]} 12. Qg5 {[%clk 1:33:09]} Qb6 {[%clk 1:09:30]} 13. Rb1 {[%clk
1:27:49]} f4 {[%clk 1:07:53]} 14. h5 {[%clk 1:21:27]} Nf7 {[%clk 1:04:30]} 15.
Qh4 {[%clk 1:17:36]} h6 {[%clk 1:04:40]} 16. Ke2 {[%clk 1:11:57]} Ng5 {[%clk
0:59:20]} 17. Nh3 {[%clk 1:10:45]} Bxh3 {[%clk 0:58:59]} 18. gxh3 {[%clk
1:10:44]} Nd7 {[%clk 0:58:32]} 19. Rhg1 {[%clk 1:03:44]} Qd8 {[%clk 0:55:50]} 20.
Rg2 {[%clk 0:55:11]} Nh7 {[%clk 0:48:08]} 21. Qg4 {[%clk 0:54:06]} Rf7 {[%clk
0:47:32]} 22. Rbg1 {[%clk 0:52:37]} Ng5 {[%clk 0:45:44]} 23. h4 {[%clk 0:51:02]}
Nf6 {[%clk 0:44:57]} 24. Qf5 {[%clk 0:49:39]} Ngh7 {[%clk 0:30:46]} 25. Rg6
{[%clk 0:38:33]} Kf8 {[%clk 0:30:46]} 26. Qe6 {[%clk 0:31:52]} Qd7 {[%clk
0:30:15]} 27. Qxd7 {[%clk 0:30:26]} Rxd7 {[%clk 0:30:34]} 28. Na4 {[%clk
0:30:36]} Rf7 {[%clk 0:29:12]} 29. Nb6 {[%clk 0:30:46]} Rd8 {[%clk 0:29:31]} 30.
Bc2 {[%clk 0:29:34]} Nxh5 {[%clk 0:29:42]} 31. Ba4 {[%clk 0:26:59]} Ng3+ {[%clk
0:29:52]} 32. Kf2 {[%clk 0:26:10]} Nf6 {[%clk 0:29:01]} 33. Bc2 {[%clk 0:25:00]}
Re7 {[%clk 0:28:21]} 34. a3 {[%clk 0:24:12]} Kf7 {[%clk 0:27:57]} 35. R6xg3
{[%clk 0:23:42]} fxg3+ {[%clk 0:28:16]} 36. Rxg3 {[%clk 0:23:05]} Nh5 {[%clk
0:26:56]} 37. Rg4 {[%clk 0:22:38]} a5 {[%clk 0:26:53]} 38. Na4 {[%clk 0:22:37]}
g6 {[%clk 0:25:52]} 39. Nc3 {[%clk 0:22:04]} Kg7 {[%clk 0:25:42]} 40. Nb5 {[%clk
0:21:38]} Rf7 {[%clk 0:26:02]} 41. Bd1 {[%clk 0:19:34]} Rf4 {[%clk 0:22:48]} 42.
Nc7 {[%clk 0:18:33]} Rxg4 {[%clk 0:20:42]} 43. Ne6+ {[%clk 0:18:42]} Kf6 {[%clk
0:21:01]} 44. fxg4 {[%clk 0:17:57]} Rb8 {[%clk 0:19:59]} 45. gxh5 {[%clk
0:18:16]} b5 {[%clk 0:20:08]} 46. hxg6 {[%clk 0:16:33]} Kxg6 {[%clk 0:20:28]} 47.
cxb5 {[%clk 0:15:27]} Rxb5 {[%clk 0:20:48]} 48. b3 {[%clk 0:15:23]} 1/2-1/2